000 00450nam a2200169Ia 4500
008 230917s9999||||xx |||||||||||||| ||und||
020 _cRS795
040 _e245551
_aMAIN
041 _aEnglish
082 _a954.007202 T329T
100 _aThapar, Romila
245 0 _aTalking history
260 _aNew Delhi
_bOxford University Press
_c2017
300 _axiii, 340 p.
500 _a3036 01/02/2018 HBD18/7279 27/02/2018 Main Budget
942 _cBK
999 _c25858
_d25858